03088nam a22002057a 450000500170000000800410001702000180005804000210007604100130009708200160011010000340012624500880016026000390024830000530028750000400034050524590038054600370283965000030287665000030287920220104154349.0200210b2012 ck a|||br|||| 001 1 spa d a9659876540000 aCO-JMCRcCO-JMCR aspaheng aC / bVAlf 1 aValvuena Diaz, Fanny, eautor14aLas mejores fábulas : bde Rafael Pombo ; y muchas más / cFanny Valbuena Diaz  aBogotá : bFabriescolares,c2012 a96 páginas :bilustraciones a color ; c24 cm. aLibro de lectura Español-Inglés aEl gato bandido -- El renacuajo paseador -- Simón el bobito -- La pobre viejecita -- La liebre y El león La gallina de los huevos de Oro -- La Gallina y el Diamante -- La Zorra, el Perro Corderito -- La Liebre y la Zorra -- La Cabra y el Asno -- La Lechuza y las Palomas -- El Perro y su Imagen -- La Serpiente y la Lima -- La Abeja y la Paloma -- El Pavo real y la Gallina -- La Tortuga y el Águila -- El Hombre y el León -- La Tortuga y la Liebre -- La Zorra y el Gallo -- Los Lobos y los Corderos -- El pastorcito mentiroso -- La Zorra y el Gallo y el Perro -- La Gata y el Hada -- El León y el Jabalí -- El zorro y el Cuervo -- El Asno, el Gallo y el león -- El Lobo y el Cordero -- El Águila y la Zorra -- El Ratón de ciudad y de campo -- El Águila y las aves -- El Camello, el Elefante y el Mono -- El gato bandido -- El renacuajo paseador -- Simón el bobito -- La pobre viejecita -- La liebre y El león La gallina de los huevos de Oro -- La Gallina y el Diamante -- La Zorra, el Perro Corderito -- La Liebre y la Zorra -- La Cabra y el Asno -- La Lechuza y las Palomas -- El Perro y su Imagen -- La Serpiente y la Lima -- La Abeja y la Paloma -- El Pavo real y la Gallina -- La Tortuga y el Águila -- El Hombre y el León -- La Tortuga y la Liebre -- La Zorra y el Gallo -- Los Lobos y los Corderos -- El pastorcito mentiroso -- La Zorra y el Gallo y el Perro -- La Gata y el Hada -- El León y el Jabalí -- El zorro y el Cuervo -- El Asno, el Gallo y el león -- El Lobo y el Cordero -- El Águila y la Zorra -- El Ratón de ciudad y de campo -- El Águila y las aves -- El Camello, el Elefante y el Mono -- he bandit cat - The tadpole stroller - Simón el bobito - The poor old lady - The hare and the lion The hen of the Golden eggs - The Chicken and the Diamond - The Fox, the Little Dog - The Hare and the Fox - The Goat and the Donkey - The Owl and the Doves - The Dog and its Image - The Snake and the Lime - The Bee and the Dove - The Peacock and the Chicken - The Turtle and the Eagle - The Man and the Lion - The Turtle and the Hare - The Fox and the Rooster - The Wolves and the Lambs - The Liar Shepherd - The Fox and the Rooster and the Dog - The Cat and the Fairy - The Lion and the Wild Boar - The Fox and the Crow - The Ass, the Rooster and the Lion - The Wolf and the Lamb - The Eagle and the Fox - The City and Field Mouse - The Eagle and the Birds - The Camel, the Elephant and the Monkey  aMaterial en español e inglés1414